| 000 | 01468nam a2200301 i 4500 | ||
|---|---|---|---|
| 001 | 114543 | ||
| 003 | ES-MaACL | ||
| 005 | 20250819000537.0 | ||
| 007 | t| | ||
| 008 | 070308m19901996sp |||| |dspa d | ||
| 020 | _a84-7719-236-7 | ||
| 080 | _a821.134.2 Huerga, Cipriano de la 1.07 | ||
| 080 | _a141.7 | ||
| 100 | 1 |
_aHuerga, Cipriano de la. _964544 |
|
| 245 | 1 | 0 |
_aObras completas / _cCipriano de la Huerga ; [dirección y coordinación, Gaspar Morocho Gayo]. |
| 260 |
_aLeón : _bUniversidad de León, _c1990-1996. |
||
| 300 |
_a9 v. ; _c25 cm. |
||
| 490 | 1 | _aHumanistas españoles | |
| 505 | 8 | _aContiene: 1. Prolégomenos y testimonios literarios ; El sermón de los pendones - 2. Comentarios al Libro de Job (1ª parte) - 3. Comentarios al Libro de Job (2ª parte) - 4. Comentario al Salmo XXXVIII, comentario al Salmo CXXX - 5. Comentario al Cantar de los cantares (1ª parte) - 6. Comentario al Cantar de los cantares (2ª parte) - 7. Comentario al profeta Nahum - 8. Competencia de la hormiga con el hombre ; Cartas ; Pareceres - 9. Estudio monográfico colectivo | |
| 600 | 1 | 4 |
_aHuerga, Cipriano de la- _xCrítica e interpretación. _964545 |
| 630 | 0 | 4 |
_aBiblia. _pA. T. _pCantar de los cantares _9119254 |
| 650 | 1 | 4 |
_aHumanismo- _zEspaña. _913503 |
| 700 | 1 |
_aMorocho Gayo, Gaspar. _983631 |
|
| 710 | 2 |
_aUniversidad de León. _97200 |
|
| 830 | 1 |
_aHumanistas españoles _9184216 |
|
| 852 |
_aES-MaACL _jG-4425-33 |
||
| 999 |
_c114543 _d114543 |
||